000 00507nam a2200169Ia 4500
008 090201s9999 xx 000 0 und d
010 _aKPL-22273
040 _bमराठी
041 _aमराठी
082 _a13089
_b22273
100 _aदीपा गोवारीकर
245 _aतडा
_cदीपा गोवारीकर
260 _c2004
_bश्री विशाखा प्रकाशन
300 _a111
_bमोठा
600 _aतडा
942 _cBOOK
999 _c213320
_d213320